Emulsion polymerization /

Bibliographic Details
Other Authors: Piirma, Irja, 1920-2009
Format: Book
Language:English
Published: New York : Academic Press, [1982]
Subjects:

MARC

Tag First Indicator Second Indicator Subfields
LEADER 00000pam a2200000 a 4500
001 in00000086450
005 20151008064515.0
008 811015s1982 nyua b 00100 eng
010 |a  81017626  
020 |a 0125564201 
035 |a (OCoLC)07925190 
035 |9 AAK4307AM 
039 0 |a 2  |b 3  |c 3  |d 3  |e 3 
040 |a DLC  |c DLC  |d TXA  |d UtOrBLW 
049 |a TXAM  |c [1804936] 
050 0 0 |a QD382.E48  |b E48 
082 0 |a 660.2/8448  |2 19 
245 0 0 |a Emulsion polymerization /  |c edited by Irja Piirma. 
264 1 |a New York :  |b Academic Press,  |c [1982] 
264 4 |c ©1982 
300 |a xii, 454 pages :  |b illustrations ;  |c 24 cm. 
336 |a text  |b txt  |2 rdacontent 
337 |a unmediated  |b n  |2 rdamedia 
338 |a volume  |b nc  |2 rdacarrier 
504 |a Includes bibliographies and index. 
505 0 |a The stability and instability of polymer latices / R.H. Ottewill -- Particle formation mechanisms / F.K. Hansen and J. Ugelstad -- Theoretical predictions of the particle size and molecular weight distributions in emulsion polymerizations / Gottfried Lichti, Robert G. Gilbert, and Donald H. Napper -- Theory of kinetics of compartmentalized free-radical polymerization reactions / D.C. Blackley -- Desorption and reabsorption of free radicals in emulsion polymerization / Mamoru Nomura -- Effects of the choice of emulsifier in emulsion polymerization / A.S. Dunn -- Polymerization of polar monomers / V.I. Yeliseyeva -- Recent developments and trends in the industrial use of latex / Carlton G. Force -- Latex reactor principles / A.E. Hamielec and J.F. MacGregor -- Emulsion polymerization in continuous reactors / Gary W. Poehlein -- Effect of additives on the formation of monomer emulsions and polymer dispersions / J. Uglestad ... et al. -- Radiation-induced emulsion polymerization / Vivian T. Stannett. 
650 0 |a Emulsion polymerization. 
700 1 |a Piirma, Irja,  |d 1920-2009. 
999 |a MARS 
999 f f |s 9ba1a618-af87-3e40-99ed-0e390c23f3e3  |i d2d7f9cc-ed1b-33f2-b3b4-50ed8f1d3bf8  |t 0 
952 f f |p ric  |a Texas A&M University  |b Rellis Campus  |c Joint Library Facility  |d Remote Storage  |t 0  |e QD382.E48 E48  |h Library of Congress classification  |i unmediated -- volume  |m A14806211614 
998 f f |a QD382.E48 E48  |t 0  |l Remote Storage